The benefit of hindsight (Record no. 77026)

MARC details
000 -LEADER
fixed length control field 01035cab a2200205 4500
001 - CONTROL NUMBER
control field ##L133472
008 - FIXED-LENGTH DATA ELEMENTS--GENERAL INFORMATION
fixed length control field 060511n2006 000 0 eng u
035 ## - SYSTEM CONTROL NUMBER
System control number (Sirsi) u133472
041 0# - LANGUAGE CODE
Language code of text/sound track or separate title eng
100 1# - MAIN ENTRY--PERSONAL NAME
Personal name Birkby, Gillian
245 04 - TITLE STATEMENT
Title The benefit of hindsight
260 ## - PUBLICATION, DISTRIBUTION, ETC.
Date of publication, distribution, etc. 2006
490 #0 - SERIES STATEMENT
Series statement Project
Volume/sequential designation 18(10) May 2006, 14-15(2)
520 ## - SUMMARY, ETC.
Summary, etc. Assesses the lessons for project managers to be drawn from "Great Eastern Hotel Company Ltd v John Laing Construction Ltd and another" ([2005] EWHC 181 (TCC), L129378). These include the importance of appointing staff with the requisite skills for the work that they are required to do at the outset of the project, and the need for the project manager to keep the client fully and accurately informed of the progress being made, even if this reflects poorly on the manager.
590 ## - LOCAL NOTE (RLIN)
Local note IKA230506
650 24 - SUBJECT ADDED ENTRY--TOPICAL TERM
Topical term or geographic name entry element GREAT EASTERN HOTEL COMPANY LTD V JOHN LAING CONSTRUCTION LTD AND ANOTHER
651 #4 - SUBJECT ADDED ENTRY--GEOGRAPHIC NAME
Geographic name England and Wales
Chronological subdivision 1543-
690 ## - LOCAL SUBJECT ADDED ENTRY--TOPICAL TERM (OCLC, RLIN)
Topical term or geographic name as entry element Project management
9 (RLIN) 6261
942 ## - ADDED ENTRY ELEMENTS (KOHA)
Suppress in OPAC 0
Holdings
Withdrawn status Lost status Source of classification or shelving scheme Damaged status Not for loan Home library Current library Shelving location Date acquired Total Checkouts Full call number Barcode Date last seen Copy number Price effective from Koha item type
    Dewey Decimal Classification     London London Journal article 11/05/2006   L133472 133472-1001 06/08/2019 1 06/08/2019 Journal article